Literature by Letter - J - Statistics

General Stats
  • This quiz has been taken 14,738 times
    14,709 since last reset
  • The average score is 13 of 21
Answer Stats
Hint Answer % Correct
Romeo's love interest Juliet
98%
Doctor whose alternate personality is Mr. Hyde Jekyll
94%
Book by Lord Byron about a womanizer Don {Juan}
84%
He jumps over a candle stick in a nursery rhyme Jack-Be-Nimble
84%
Leader of the Argonauts Jason
84%
This Old Testament character had a coat of many colors Joseph
70%
Charlotte Bronte's most famous work {Jane} {Eyre}
69%
Collection of children's stories by Kipling {Just} So Stories
68%
Quintessential "butler" introduced by P.G. Wodehouse Jeeves
67%
Notable werewolf in the "Twilight Series" (first name) Jacob
66%
Name of Captain Hook's ship (or pirate ships anywhere) Jolly Roger
65%
Michael Crichton novel that became one of the most popular movies of all-time Jurassic Park
61%
Twas brillig, this nonsensical Lewis Carroll poem about a monster Jabberwocky
56%
First name of the Great Gatsby Jay
52%
Amy Tan book about Chinese-American women who play mahjong {Joy} {Luck} Club, the
46%
Author of "Finnegans Wake" James Joyce
45%
Thomas Hardy's last novel. Some considered it obscene {Jude} the Obscure
44%
This ruthless inspector pursued Jean Valjean Javert
39%
His 1755 dictionary was the best of its era Samuel Johnson
38%
Upton Sinclair novel about the meatpacking industry Jungle, the
35%
Family that drove their jalopy from Oklahoma to California in "The Grapes of Wrath" Joad
33%
No matching quizzes found
Score Distribution
Percent of People with Each Score
Percentile by Number Answered
Your Score History
You have not taken this quiz since the last reset